Normal view
MARC view
Entry Topical Term
001 - CONTROL NUMBER
- control field: 58655
003 - CONTROL NUMBER IDENTIFIER
- control field: OSt
005 - DATE AND TIME OF LATEST TRANSACTION
- control field: 20160522112133.0
008 - FIXED-LENGTH DATA ELEMENTS
- fixed length control field: 160522|| aca||aabn | a|a d
040 ## - CATALOGING SOURCE
- Original cataloging agency: OSt
- Transcribing agency: OSt
150 ## - HEADING--TOPICAL TERM
- Topical term or geographic name entry element: Stories
670 ## - SOURCE DATA FOUND
- Source citation: Work cat.: (OSt)20592: मिथिलेश्वर 45164, तिरिया जनम , 1993









